Word Ladder: Cartoon Shorts Quiz Stats

 Plays Quiz Updated Jul 2, 2014

Support Sporcle.
Go Orange.
Score 0/42 Timer 04:00
11 Plays Today
Clue Answer % Correct
Looney TunesBUGS
98.4%
The SimpsonsBART
98.3%
Looney TunesDUCK
97.3%
The SimpsonsFIST
96.4%
The SimpsonsLISA
95.2%
The SimpsonsFAST
94.9%
The SimpsonsLIST
94.9%
The SimpsonsPAST
94.5%
Beep BeepWILD
93.6%
The SimpsonsPART
93.5%
Looney TunesRUGS
93.2%
Beep BeepWILE
90.2%
Beep BeepROAD
89.3%
Looney TunesRUNS
88.8%
Looney TunesDUNK
88.1%
BeavisRENT
86.8%
Looney TunesDUNE
86.1%
TenderheartHARD
86.2%
BeavisBUTT
84.7%
TenderheartHERD
84.1%
BeavisHEAD
83.7%
Clue Answer % Correct
Hank and PeggyKING
83.5%
BeavisBUNT
83.1%
TenderheartHEAR
81.3%
BeavisRUNT
81.3%
BeavisREAD
81.2%
Looney TunesRUNE
80.6%
Hank and PeggyFIND
79.9%
Beep BeepGOLD
78.7%
Hank and PeggyKIND
76.7%
BeavisREND
74.2%
TenderheartCARD
74.1%
TenderheartHERR
74%
TenderheartCARE
73.6%
Beep BeepGILD
71.2%
Hank and PeggyFINE
69.7%
Hank and PeggyHILL
66.5%
Beep BeepGOOD
60%
Hank and PeggyFILL
57.7%
Hank and PeggyFILE
56.2%
Beep BeepROOD
55.1%
TenderheartBEAR
40.1%

Today's Daily Dose

You're not logged in!

Compare scores with friends on all Sporcle quizzes.
OR
Log In

From the Vault

Common Sayings: Missing 'I' Words

by beforever

These I words are just the tip of the iceberg.
Remove Ads.
Support Sporcle.
Get the best of Sporcle when you Go Orange. This ad-free experience offers more features, more stats, and more fun while also helping to support Sporcle. Thank you for becoming a member.

Show Comments

Extras

Top Quizzes Today


Score Distribution

Your Account Isn't Verified!

In order to create a playlist on Sporcle, you need to verify the email address you used during registration. Go to your Sporcle Settings to finish the process.

Report this User

Report this user for behavior that violates our Community Guidelines.

Details: